Мета-комплементарный маневр как способ решения иерархических проблем в супружеских отношениях; Актуальные проблемы гуманитарных и естественных наук; № 2-4

Xehetasun bibliografikoak
Parent link:Актуальные проблемы гуманитарных и естественных наук.— , 2008-
№ 2-4.— 2016.— [С. 144-147]
Egile nagusia: Кузин А. Ю. Андрей Юрьевич
Erakunde egilea: Национальный исследовательский Томский политехнический университет Институт социально-гуманитарных технологий Кафедра инженерного предпринимательства
Beste egile batzuk: Кузина Ю. И. Юлия Игоревна
Gaia:Заглавие с экрана
Режим доступа: по договору с организацией-держателем ресурса
Hizkuntza:errusiera
Argitaratua: 2016
Gaiak:
Sarrera elektronikoa:http://elibrary.ru/item.asp?id=25612615
Formatua: Baliabide elektronikoa Liburu kapitulua
KOHA link:https://koha.lib.tpu.ru/cgi-bin/koha/opac-detail.pl?biblionumber=649453

MARC

LEADER 00000naa0a2200000 4500
001 649453
005 20250305142319.0
035 |a (RuTPU)RU\TPU\network\14615 
035 |a RU\TPU\network\11795 
090 |a 649453 
100 |a 20160714d2016 k||y0rusy50 ca 
101 0 |a rus 
102 |a RU 
135 |a drcn ---uucaa 
181 0 |a i  
182 0 |a b 
200 1 |a Мета-комплементарный маневр как способ решения иерархических проблем в супружеских отношениях  |f А. Ю. Кузин, Ю. И. Кузина 
203 |a Текст  |c электронный 
300 |a Заглавие с экрана 
320 |a [Библиогр.: с. 147 (2 назв.)] 
333 |a Режим доступа: по договору с организацией-держателем ресурса 
461 |t Актуальные проблемы гуманитарных и естественных наук  |d 2008- 
463 |t № 2-4  |v [С. 144-147]  |d 2016 
610 1 |a электронный ресурс 
610 1 |a труды учёных ТПУ 
610 1 |a супружеское консультирование 
610 1 |a семейная иерархия 
610 1 |a симметричные отношения 
610 1 |a мета-комплементарный манерв 
610 1 |a супружеские отношения 
700 1 |a Кузин  |b А. Ю.  |c психолог  |c доцент Томского политехнического университета, кандидат медицинских наук  |f 1971-  |g Андрей Юрьевич  |3 (RuTPU)RU\TPU\pers\27009  |9 12594 
701 1 |a Кузина  |b Ю. И.  |g Юлия Игоревна 
712 0 2 |a Национальный исследовательский Томский политехнический университет  |b Институт социально-гуманитарных технологий  |b Кафедра инженерного предпринимательства  |3 (RuTPU)RU\TPU\col\18857  |9 27227 
801 2 |a RU  |b 63413507  |c 20160714  |g RCR 
856 4 |u http://elibrary.ru/item.asp?id=25612615 
942 |c CF